<?xml version="1.0" encoding="UTF-8"?><?xml-stylesheet type="text/xsl" href="static/style.xsl"?><OAI-PMH xmlns="http://www.openarchives.org/OAI/2.0/" xmlns:xsi="http://www.w3.org/2001/XMLSchema-instance" xsi:schemaLocation="http://www.openarchives.org/OAI/2.0/ http://www.openarchives.org/OAI/2.0/OAI-PMH.xsd"><responseDate>2026-04-13T18:14:26Z</responseDate><request verb="GetRecord" identifier="oai:www.recercat.cat:10256/19771" metadataPrefix="marc">https://recercat.cat/oai/request</request><GetRecord><record><header><identifier>oai:recercat.cat:10256/19771</identifier><datestamp>2024-06-18T13:56:40Z</datestamp><setSpec>com_2072_452955</setSpec><setSpec>com_2072_2054</setSpec><setSpec>col_2072_453073</setSpec></header><metadata><record xmlns="http://www.loc.gov/MARC21/slim" xmlns:dcterms="http://purl.org/dc/terms/" xmlns:xsi="http://www.w3.org/2001/XMLSchema-instance" xmlns:doc="http://www.lyncode.com/xoai" xsi:schemaLocation="http://www.loc.gov/MARC21/slim http://www.loc.gov/standards/marcxml/schema/MARC21slim.xsd">
   <leader>00925njm 22002777a 4500</leader>
   <datafield ind2=" " ind1=" " tag="042">
      <subfield code="a">dc</subfield>
   </datafield>
   <datafield ind2=" " ind1=" " tag="720">
      <subfield code="a">Szatylowicz, Halina</subfield>
      <subfield code="e">author</subfield>
   </datafield>
   <datafield ind2=" " ind1=" " tag="720">
      <subfield code="a">Stasyuk, Olga A.</subfield>
      <subfield code="e">author</subfield>
   </datafield>
   <datafield ind2=" " ind1=" " tag="720">
      <subfield code="a">Solà i Puig, Miquel</subfield>
      <subfield code="e">author</subfield>
   </datafield>
   <datafield ind2=" " ind1=" " tag="720">
      <subfield code="a">Krygowski, Tadeusz M.</subfield>
      <subfield code="e">author</subfield>
   </datafield>
   <datafield ind2=" " ind1=" " tag="260">
      <subfield code="c">info:eu-repo/date/embargoEnd/2022-07-31</subfield>
   </datafield>
   <datafield ind2=" " ind1=" " tag="260">
      <subfield code="c">2021-07-31</subfield>
   </datafield>
   <datafield ind2=" " ind1=" " tag="520">
      <subfield code="a">3D shape and the resulting physicochemical properties of double-helical DNA/RNA structures are determined not only by individual nucleobases, but also by their additive intermolecular interactions. Energetic contribution from aromatic π-π stacking to the stabilization of DNA/RNA is not small and sometimes even comparable to that from H-bonding. The basis of the stacking interactions lies in the π-electron structure of individual nucleobases, which can be described by various aromaticity indices. Heteroatoms and exocyclic functional groups make the electronic structure of nucleobases different from aromatic hydrocarbons. Consequently, the cyclic π-electron delocalization is not the only factor responsible for the relative stability of their tautomers. This Review puts the spotlight on interplay between aromaticity of purine and pyrimidine nucleobases and their tautomeric preferences, as well as on the effects of different noncovalent interactions (hydrogen bonding, metal ion coordination, and π-π stacking) on π-electron delocalization of five- and six-membered rings in individual nucleobases and their complexes</subfield>
   </datafield>
   <datafield ind2=" " ind1=" " tag="520">
      <subfield code="a">Generalitat de Catalunya, Grant/AwardNumber: 2017-SGR-39; Ministerio deEconomía y Competitividad, Grant/AwardNumbers: CTQ2017-85341-P, FJCI-2017-32757; Narodowe Centrum Nauki,Grant/Award Number: UMO-2016/23/B/ST4/00082</subfield>
   </datafield>
   <datafield ind1="8" ind2=" " tag="024">
      <subfield code="a">http://hdl.handle.net/10256/19771</subfield>
   </datafield>
   <datafield tag="653" ind2=" " ind1=" ">
      <subfield code="a">Àcids nucleics</subfield>
   </datafield>
   <datafield tag="653" ind2=" " ind1=" ">
      <subfield code="a">Nucleic acids</subfield>
   </datafield>
   <datafield tag="653" ind2=" " ind1=" ">
      <subfield code="a">Aromaticitat (Química)</subfield>
   </datafield>
   <datafield tag="653" ind2=" " ind1=" ">
      <subfield code="a">Aromaticity (Chemistry)</subfield>
   </datafield>
   <datafield ind2="0" ind1="0" tag="245">
      <subfield code="a">Aromaticity of nucleic acid bases</subfield>
   </datafield>
</record></metadata></record></GetRecord></OAI-PMH>